000 00946nam a2200265 a 4500
001 BRCA_7055
005 20190320205708.0
008 031211s1965----mx-a######---#000-0#spa-#
041 _aspa
044 _amx
050 4 _aF1210
_b.S67 1965
100 1 _aSpratling, William
_917533
245 1 0 _aMéxico tras lomita
_cWilliam Spratling ; con dibujos originales del autor ; prefacio de Diego Rivera ; prólogo para esta edición de Budd Schulberg ; traductor Fernando Horcasitas.
260 _aMéxico
_bDiana
_c1965
300 _a196 p.
_bil.
_c18 cm.
500 _aTraducción de: A Small Mexican World
500 _aEstado físico: encuadernado, agosto 2014
500 _aDonación de Concepción Amerlink
651 4 _aMéxico
_xVida social y costumbres
_9769
651 4 _aMéxico
_xHistoria
_9614
700 1 _aHorcasitas, Fernando
_etr.
_917534
700 1 _aRivera, Diego
_913461
700 1 _aSchulberg, Budd
_917535
942 _2lcc
_cB
999 _c6736
_d6736